000 00313nam a22001457a 4500
020 _a9780192758583
082 _a823
_bCRO/D
100 _aCROSS, GILLIAN
245 _aTHE DEMON HEADMASTER
260 _bOXFORD UNIVERSITY PRESS
300 _a189
520 _aSHORT STORY
650 _aSHORT STORY
942 _cBK
999 _c5787
_d5787